Asian Country by Two Hints Quiz Stats

 Plays Quiz Updated Oct 14, 2018

Score 0/30 Timer 05:00
4 Plays Today
Hint Country % Correct
Has a majority Muslim populationIndonesia
89.1%
Flag contains blueMalaysia
74.9%
Consists of more than 7,000 islandsPhilippines
73.9%
Bordering both China and India by landPakistan
69.8%
Is a KingdomBhutan
66.4%
Is home to a city considered holy by one of the world religionsIsrael
63.9%
Bordering the Red SeaSaudi Arabia
63.4%
Former World Champion in Cricket (Men)Sri Lanka
62.9%
Bordering Indonesia by landTimor-Leste
61.2%
Has a red disc representing a rising sun on its national flagJapan
57.5%
Gained independence from the United Kingdom in the 1940sIndia
57.5%
Is only bordering (5) countries that end with 'stan'Uzbekistan
55%
Was ever elected to host the FIFA World Cup (Men)South Korea
49.1%
Capital city starts with the letter 'S'Yemen
46.9%
One of the two countries with highest GDP per capita of Asia Qatar
46.3%
Hint Country % Correct
In the top 5 countries with the highest suicide rateKazakhstan
45.7%
Himalayas are spread across this countryNepal
45.3%
Has the Bengal Tiger as its national animalBangladesh
45.2%
Has Tamil as an official languageSingapore
45%
Starts with a 'K'Kyrgyzstan
44.8%
In the top 10 countries with most submarinesNorth Korea
43.9%
Jordan River flows through this countrySyria
43.4%
One of two countries where ISIS had most territorial controlIraq
40.2%
Capital of this country has the letters 'man' in its nameJordan
38.7%
Flag only contains yellow and redChina
36.9%
Has ISO country codes that start with a 'K'Cambodia
34.3%
Shortest border is with RussiaMongolia
26.5%
Has the 'dinar' as official currencyKuwait
23.1%
Declared independence in the 1970sBahrain
21.8%
Has a star in the centre of its national flagMyanmar
17.8%

You're not logged in!

Compare scores with friends on all Sporcle quizzes.
OR
Log In

Sporcle TV

Today on Sporcle TV


Watch our educational content, quiz creation guides, and fun videos on Sporcle TV.

Show Comments

Extras

Top Quizzes Today


Score Distribution

Your Account Isn't Verified!

In order to create a playlist on Sporcle, you need to verify the email address you used during registration. Go to your Sporcle Settings to finish the process.

Report this User

Report this user for behavior that violates our Community Guidelines.

Details: